000 00750nam a2200217Ia 4500
003 GCL
008 140319s9999 xx 000 0 ara d
040 _aGCL /
_cGCL
082 0 4 _a001.6424
_bم ا
100 1 _aمحمد جمال احمد قبيعة
245 1 0 _aاساسيات استخدام قاعدة البيانات فوكس برو /
_cمحمد جمال احمد قبيعة
260 _a[S.N] :
_bدار الراتب الجامعية ،
_c1993
300 _a416 ص
490 _aالمبرمج العربى المتطور
_v0
650 0 4 _aالحاسبات الالكترونية
650 0 4 _aمعالجة البيانات
650 0 4 _aالبرامج
650 0 4 _aالبيانات
650 0 4 _aفوكس برو
942 _2ddc
_cBK
999 _c55156
_d55156